European Cup & UEFA Champions League Runners-Up - Statistics

General Stats
  • This quiz has been taken 2,117 times
    1,394 since last reset
  • The average score is 26 of 36
Answer Stats
Runners-up % Correct
Inter Milan
98%
Liverpool
98%
AC Milan
97%
Manchester City
97%
Manchester United
97%
Bayern Munich
96%
Borussia Dortmund
96%
Juventus
96%
Paris Saint-Germain
96%
Chelsea
95%
Arsenal
94%
Atlético Madrid
93%
Barcelona
93%
Tottenham Hotspur
93%
Real Madrid
91%
Ajax
88%
Benfica
85%
Marseille
80%
Valencia
80%
Monaco
78%
Roma
77%
Bayer Leverkusen
73%
Celtic
72%
Hamburg
63%
Leeds United
53%
Eintracht Frankfurt
49%
Steaua Bucharest
47%
Borussia Mönchengladbach
44%
Fiorentina
44%
Sampdoria
43%
Club Brugge
42%
Malmö
42%
Reims
42%
Saint-Étienne
32%
Panathinaikos
31%
Partizan Belgrade
29%
No matching quizzes found
Score Distribution
Percent of People with Each Score
Percentile by Number Answered
Your Score History
You have not taken this quiz since the last reset